[Event "Serpukhov Rating"]
[Site "Serpukhov"]
[Date "2007.04.23"]
[Round "6"]
[White "Scherbakova, Alisa"]
[Black "Kudris, Vladislav"]
[Result "1/2-1/2"]
[WhiteElo "1989"]
[BlackElo "1906"]
[PlyCount "26"]
[EventDate "2007.04.19"]
[EventType "tourn"]
[EventRounds "10"]
[EventCountry "RUS"]
[SourceTitle "EXT 2022"]
[Source "ChessBase"]
[SourceDate "2021.10.06"]
[SourceVersion "1"]
[SourceVersionDate "2021.10.06"]
[SourceQuality "1"]

1. e4 d5 2. exd5 Qxd5 3. Nc3 Qa5 4. Bc4 Nf6 5. d4 c6 6. Nge2 Bf5 7. Bd2 Qd8 8. 0-0 e6 9. Bg5 Be7 10. Ng3 Bg6 11. Kh1 0-0 12. f4 h6 13. Bxf6 Bxf6 1/2-1/2

[Event "Bykova Memorial 4th"]
[Site "Vladimir"]
[Date "2006.12.21"]
[Round "12"]
[White "Kudris, Vladislav"]
[Black "Kashlinskaya, Alina"]
[Result "0-1"]
[WhiteElo "1954"]
[BlackElo "2121"]
[PlyCount "42"]
[EventDate "2006.12.14"]
[EventType "tourn"]
[EventRounds "14"]
[EventCountry "RUS"]
[EventCategory "1"]
[SourceTitle "EXT 2019"]
[Source "ChessBase"]
[SourceDate "2018.10.10"]
[SourceVersion "1"]
[SourceVersionDate "2018.10.10"]
[SourceQuality "1"]

1. d4 Nf6 2. c4 g6 3. Nc3 Bg7 4. Nf3 0-0 5. g3 d5 6. cxd5 Nxd5 7. Nxd5 Qxd5 8. Bg2 c5 9. dxc5 Qxc5 10. 0-0 Qh5 11. Qb3 Nc6 12. Rd1 Rb8 13. Be3 Be6 14. Qa3 Qb5 15. Rd2 Rbd8 16. Rad1 Bxb2 17. Qc5 Qa4 18. Bh6 Qxd1+ 19. Rxd1 Rxd1+ 20. Bf1 Bh3 21. Nd2 Rd8 0-1